000 00758nam a2200217 i 4500
001 19626
003 ES-MaACL
005 20231219062531.0
007 t|
008 021004s1971 sp ||||1| spa d
100 1 _aAbellán, José Luis,
_d1933-2023
_9176509
245 1 3 _aLa cultura en España
_b: (ensayo para un diagnóstico) /
_cJosé Luis Abellán.
260 _aMadrid :
_bCuadernos para el Diálogo,
_c1971.
300 _a348 p. ;
_c18 cm.
490 1 _aDivulgación universitaria. Cuestiones españolas ;
_v30
651 4 _aEspaña-
_xCivilización.
_98163
710 2 _aCuadernos para el Diálogo.
_93333
830 1 _aDivulgación universitaria. Cuestiones españolas ;
_v30
_9176519
852 _aES-MaACL
_jC-40389
999 _c19626
_d19626